000 00477nam a2200181Ia 4500
005 20250326144552.0
008 250326s9999 xx 000 0 und d
037 _aTextbook
040 _aFMSL
_beng
_cFMSL
041 _aeng
_2eng
084 _aV44 P9
_qFMSL
245 0 _aIndia 2009 : reference annual
260 _aNew Delhi
_bNew Delhi, Publications Division
_c2009
300 _a1259p
365 _b345
942 _cTB
_hV44 P9
999 _c1304195
_d1304195